00888nam a2200241 a 450000100060000000300080000600500170001400800410003103500190007204000260009104100080011708200240012524500990014926000320024830000270028050000190030760000440032669000560037070000520042694200120047899900170049095201390050763349BD-RjUL20211209081203.0931015s1889 enk 000 0  a(BD-RjUL)63478 aBD-RjULbengcBD-RjUL aeng 223a821.7bWOR 188900aWordsworthiana : ba selection from papers read to the Wordsworth society /ced. by W. Knight. aLondon :bMacmillan,c1889. cxxiv, 352 p. ;a19 cm. aIncludes index17aWordsworth, Williamy 1770-1850918851500aEnglish poetryy1789-1919xCriticism2pre2091885161 aKnight, William Angus,d1836-1916,eed.9188517 2ddccBK c63349d63349 00102ddc40718NFICaRUCLbRUCLcReadingd1965-06-15eZeitlingerg23.06l0o821.7 WOR 1889r2017-01-29 00:00:00tC-1w2017-01-29yBK